|
|
|
|
| LEADER |
00000nab a2200000ua 4500 |
| 001 |
vtls010853236 |
| 003 |
SK-MaSNL |
| 005 |
20260304010735.0 |
| 008 |
230121s2012 xo |||||||||||||||||eng| |
| 035 |
|
|
|a (urnnbn)urn:nbn:sk:snk:ar-a07ewd
|
| 035 |
|
|
|a urn:nbn:sk:snk-ab6d26
|
| 035 |
|
|
|a (uuid)7149b8e2-ee98-44e8-b255-b62353592998
|
| 040 |
|
|
|a SNKBUCL
|b slo
|c SNKBUCL
|e AACR2
|
| 041 |
0 |
|
|a eng
|
| 044 |
|
|
|a xo
|c SK
|
| 100 |
1 |
|
|a Hadzik, Andrzej
|4 aut
|9 834497
|
| 245 |
1 |
0 |
|a THE CHOSEN FACTORS OF PARTICIPATING IN INTERNATIONAL SPORTS EVENTS ON THE EXAMPLE OF FOOTBALL, BASKETBALL AND VOLEYBALL GAMES IN POLAND
|c Andrzej Hadzik, Pavol Bartík
|
| 700 |
1 |
|
|a Bartík, Pavol
|4 aut
|9 278614
|
| 773 |
0 |
|
|t Exercitatio corpolis - motus - salus : slovak journal of sports sciences
|g Roč. 4, č. 1 (2012), s. 141-148
|
| 954 |
|
|
|a odborná, vedecká literatúra cudzojazyčná (svetová)
|2 lita
|
| 954 |
|
|
|a odborná, vedecká literatúra pôvodná (slovenská)
|2 lita
|
| 958 |
|
|
|a OND
|
| 958 |
|
|
|a EUIPO
|
| 958 |
|
|
|a article5
|
| 999 |
|
|
|c 2562739
|d 2564669
|